Polypeptides which affect smooth muscles : proceedings of a symposium held in London on 23rd and 24th March, 1959.

Saved in:
Bibliographic Details
Main Author: Schachter, Melville, 1920-
Format: Book
Language:English
Published: Oxford : Pergamon Press, Symposium Publications Division, [1960].
Series:Biological Council. Co-ordinating Committee for Symposia on Drug Action. Series ; v. 4
Subjects:
LEADER 00977nam a2200229 i 4500
001 c000128767
003 CARM
005 00000000000000.0
008 840316s1960 enk 0 eng d
019 1 |a 10221992  |5 LACONCORD2021 
035 |a (OCoLC)221657403  |5 LACONCORD2021 
100 1 |a Schachter, Melville,  |d 1920-. 
245 1 0 |a Polypeptides which affect smooth muscles :  |b proceedings of a symposium held in London on 23rd and 24th March, 1959. 
260 |a Oxford :  |b Pergamon Press, Symposium Publications Division,  |c [1960]. 
300 |a 336 p. :  |b illus. 
440 0 |a Biological Council. Co-ordinating Committee for Symposia on Drug Action. Series ;  |v v. 4 
650 0 |a Polypeptides. 
650 0 |a Muscles. 
650 0 |a Blood-vessels. 
852 8 |b CARM  |h A2:AE36A0  |i B00709  |p 0035954  |f BK 
999 f f |i 2672c1df-ebb5-56ba-8475-db32b7cf0241  |s 9e40f043-ad86-560c-bae2-b3cdbf50daa8 
952 f f |p Can circulate  |a CAVAL  |b CAVAL  |c CAVAL  |d CARM 1 Store  |e B00709  |f A2:AE36A0  |h Other scheme  |i book  |m 0035954